| 000 | 00742nam a22001937a 4500 | ||
|---|---|---|---|
| 999 |
_c11692 _d11692 |
||
| 003 | AR-CdUCM | ||
| 008 | 190404b ||||| |||| 00| 0 spa d | ||
| 040 |
_aMUNICIPALIDAD PROVINCIAL DEL CUSCO _cBIBLIOTECA MUNICIPAL DEL CUSCO |
||
| 082 |
_27ed. _a241 / _bE17 / 1829 |
||
| 100 |
_aEcharri, Francisco _929182 |
||
| 245 | _aInstrucción y examen de ordenandos / | ||
| 260 |
_aMadrid : _bImp. de repullés, _c1829. |
||
| 300 |
_a400 páginas ; _c15 cm. |
||
| 505 | _aContenido: De las noticias que han de tener los ordenandos acerca de los misterios de la fé -- Noticias que han de tener los ordenandos de las oraciones ... | ||
| 650 |
_aDoctrina cristiana _929183 |
||
| 650 |
_aEstado clerical _929184 |
||
| 942 |
_2ddc _cLIBROS |
||
| 945 | _aacv | ||